Laparoscopic repair of congenital pleuroperitoneal hernia using a polypropylene mesh in a dog (Registro n. 329388)
[ somente texto ]
| 000 -LÍDER | |
|---|---|
| fixed length control field | 02366nab a2200373 i 4500 |
| 003 - CÓDIGO MARC DA AGÊNCIA CATALOGADORA | |
| Campo de controle | BR-BrBNA |
| 005 - DATA E HORA DA ÚLTIMA ATUALIZAÇÃO | |
| Campo de controle | 20241220152545.0 |
| 008 - CAMPO DE TAMANHO FIXO | |
| fixed length control field | 241220b2015 bl.|r|pooa||| 00| 0 eng | |
| 040 ## - FONTE DA CATALOGAÇÃO | |
| Agência catalogadora | BR-BrBNA |
| Idioma da catalogação | eng |
| 072 ## - CATEGORIA AGRIS | |
| Código AGRIS | L70 |
| Código do objeto | 5400 |
| 072 ## - CATEGORIA AGRIS | |
| Código AGRIS | L74 |
| 100 ## - ENTRADA PRINCIPAL - NOME PESSOAL | |
| Nome pessoal | Hartmann, H.F. |
| 100 ## - ENTRADA PRINCIPAL - NOME PESSOAL | |
| Nome pessoal | Basso, P.C. |
| 100 ## - ENTRADA PRINCIPAL - NOME PESSOAL | |
| Nome pessoal | Faria, K.L. |
| 100 ## - ENTRADA PRINCIPAL - NOME PESSOAL | |
| Nome pessoal | Oliveira, M.T. |
| 100 ## - ENTRADA PRINCIPAL - NOME PESSOAL | |
| Nome pessoal | Souza, F.W. |
| 100 ## - ENTRADA PRINCIPAL - NOME PESSOAL | |
| Nome pessoal | Garcia, É.V. |
| 100 ## - ENTRADA PRINCIPAL - NOME PESSOAL | |
| Nome pessoal | Ferant, J.P.S. |
| 100 ## - ENTRADA PRINCIPAL - NOME PESSOAL | |
| Nome pessoal | Silva, M.A.M. |
| 100 ## - ENTRADA PRINCIPAL - NOME PESSOAL | |
| Nome pessoal | Brun, M.V. |
| 245 ## - TÍTULO PRINCIPAL | |
| Título principal | Laparoscopic repair of congenital pleuroperitoneal hernia using a polypropylene mesh in a dog |
| 500 ## - NOTA GERAL | |
| Nota geral | <br/>Publicação online; 12 ref.; 5 illus.; Summaries (En, Pt) |
| 942 ## - ADDED ENTRY ELEMENTS (KOHA) | |
| Koha item type | Analítica |
| 520 ## - NOTA DE RESUMO | |
| Nota de conteúdo | <br/><br/><br/>ABSTRACT - Pleuroperitoneal hernias are the most uncommon type of diaphragmatic hernias in dogs and cats. The treatment of choice is surgery and may involve the use of prosthetic implant through celiotomy. In the current report, laparoscopic repair of a congenital pleuroperitoneal hernia using polypropylene mesh in a dog is described. The surgery was feasible. Appropriate reduction of the hernia was carried out and no complications were noted.<br/><br/><br/>Keywords: diaphragmatic hernia, congenital defect, videosurgery, canine |
| 520 ## - NOTA DE RESUMO | |
| Nota de conteúdo | <br/><br/><br/>RESUMO - Hérnias pleuroperitoneais são o tipo mais incomum de hérnias diafragmáticas em cães e gatos. O tratamento de escolha é cirúrgico e pode envolver o uso de implantes protéticos na abordagem via laparotomia. No presente relato, é descrito o reparo de uma hérnia pleuroperitoneal congênita através de laparoscopia com utilização de malha de polipropileno. A cirurgia foi viável. Houve redução apropriada da hérnia sem observação de complicações.<br/><br/><br/>Palavras-chave: hérnia diafragmática, defeito congênito, videocirurgia, canino |
| 650 ## - ASSUNTO - THESAGRO | |
| Cabeçalho tópico ou nome geográfico | CÃO |
| 650 ## - ASSUNTO - THESAGRO | |
| Cabeçalho tópico ou nome geográfico | HÉRNIA |
| 650 ## - ASSUNTO - THESAGRO | |
| Cabeçalho tópico ou nome geográfico | DISTÚRBIO FISIOLÓGICO |
| 650 ## - ASSUNTO - THESAGRO | |
| Cabeçalho tópico ou nome geográfico | LAPAROSCOPIA |
| 650 ## - ASSUNTO - THESAGRO | |
| Cabeçalho tópico ou nome geográfico | VETERINÁRIA |
| 773 0# - ENTRADA ANALÍTICA | |
| Host Biblionumber | 1643 |
| Registro do item | 315898 |
| Imprenta | Belo Horizonte-MG Universidade Federal de Minas Gerais - Escola de Veterinaria 1983 |
| Outro identificador | 2024-2263 |
| Título | Arquivo Brasileiro de Medicina Veterinária e Zootecnia (Brazil) |
| ISSN | 0102-0935 |
| Colação | v. 67(6) p. 1547-1553; (2015) |
| Número de controle de registro | BR2024004030 |
| 856 ## - ACESSO E ENDEREÇO ELETRÔNICO | |
| Identificador uniforme de recurso - URI | https://www.scielo.br/j/abmvz/a/GrLkbvCgXFM6VGFqW4rdsrH/?format=pdf&lang=en |
Nenhum exemplar disponível.

BINAGRI